000 00770nam a22002177a 4500
999 _c2494
_d2494
003 AR-CdUCM
008 190304b ||||| |||| 00| 0 spa d
040 _aMUNICIPALIDAD PROVINCIAL DEL CUSCO
_cBIBLIOTECA MUNICIPAL DEL CUSCO
082 _a300 /
_bA93
100 _aAyala, Francisco
_96583
245 _aIntroducción a las ciencias sociales /
260 _aMadrid :
_bAguilar,
_c1972.
300 _a309 páginas ;
_c20 cm.
505 _aEstudios acerca al hombre -- Las humanidades -- La concepción social del hombre -- El punto de partida clásico -- El lenguaje y la cultura...
650 _aSociología.
_9276
650 _aAcerca del hombre.
_98886
650 _aLenguaje.
_95227
650 _aCultura.
_9126
942 _2ddc
_cLIBROS
945 _awfj
_d2019-03-04